000 00522nam a2200157Ia 4500
008 170221s9999 xx 000 0 und d
100 _aPengcheng Xu.
245 2 _aA Fast Algorithm for Blind Separation of Complex Valued Signals with Nonlinear Autocorrelation
245 _cPengcheng Xu and Yuehong Shen
260 _bJournal of Communications
260 _c2015
300 _a10 : 3
650 _xCommunication
650 _xMedia Arts
856 _uhttp://www.jocm.us/index.php?m=content&c=index&a=lists&catid=144
999 _c306932
_d306932